Statistics for Closest Continental Capital to each Island Country Capital

Click here to take the quiz!

General Stats

  • This quiz has been taken 33 times
  • The average score is 33 of 47

Answer Stats

Island Country CapitalDistance (km)Capital City% Correct
London 321 Brussels
93%
Reykjavik 1.750 Oslo
89%
Nicosia 241 Beirut
86%
Dublin 757 Amsterdam
86%
Basseterre 876 Caracas
82%
Singapore 315 Kuala Lumpur
82%
Tokyo 1.155 Seoul
82%
Kingstown 683 Caracas
79%
Saint John's 913 Caracas
79%
Roseau 799 Caracas
79%
Taipei 1.480 Seoul
79%
Apia 4.574 Canberra
79%
Manila 1.754 Hanoi
79%
Manama 140 Doha
79%
Valletta 357 Tripoli
79%
Jakarta 1.182 Kuala Lumpur
79%
Bandar Seri Begawan 1.325 Phnom Penh
79%
Castries 747 Caracas
79%
Colombo 2.172 Dhaka
79%
Santo Domingo 947 Caracas
79%
Port Moresby 2.868 Canberra
75%
Saint George's 586 Caracas
75%
Funafuti 4.258 Canberra
75%
Honiara 3.066 Canberra
75%
Praia 653 Dakar
75%
Dili 2.950 Kuala Lumpur
71%
Wellington 2.330 Canberra
71%
Port-au-Prince 1.067 Caracas
71%
Suva 3.459 Canberra
71%
Nuku'alofa 3.809 Canberra
71%
Moroni 1.027 Dodoma
68%
Havana 932 Belmopan
68%
Majuro 5.239 Canberra
68%
Tarawa 4.752 Canberra
68%
Sao Tome 303 Libreville
64%
Port-Vila 2.717 Canberra
64%
Nassau 1.466 Belmopan
64%
Antananarivo 1.566 Lilongwe
61%
Yaren 4.265 Canberra
61%
Port-of-Spain 565 Georgetown
61%
Kingston 1.038 Panama City
57%
Bridgetown 714 Georgetown
57%
Male 2.682 Muscat
54%
Victoria 1.343 Mogadishu
50%
Port Louis 2.612 Lilongwe
43%
Palikir 4.629 Seoul
43%
Melekeok (Ngerulmud) 3.290 Phnom Penh
43%

Score Distribution

Percentile by Number Answered

Percent of People with Each Score

Your Score History

You have not taken this quiz